Δάφνες της Μακεδονίας
Αποθηκεύτηκε σε:
| Κύριος συγγραφέας: | |
|---|---|
| Μορφή: | Βιβλίο |
| Γλώσσα: | Greek |
| Δημοσίευση: |
Αθήνα :
[χ.ό.],
[1969]
|
| Θέματα: | |
| Ετικέτες: |
Προσθήκη ετικέτας
Δεν υπάρχουν, Καταχωρήστε ετικέτα πρώτοι!
|
MARC
| LEADER | 00000cam a2200000 i 4500 | ||
|---|---|---|---|
| 001 | 1/92636 | ||
| 008 | 080828s1969 gre d | ||
| 035 | |l 10099700 | ||
| 040 | |a GR-MY-UA |b gre |e aacr | ||
| 041 | 0 | |a gre | |
| 082 | 0 | |a 889.134 |2 (22) | |
| 100 | 1 | |a Κοντού, Νανά Π., |d 1923- | |
| 245 | 1 | 0 | |a Δάφνες της Μακεδονίας / |c Νανά Π. Κοντού |
| 260 | |a Αθήνα : |b [χ.ό.], |c [1969] | ||
| 300 | |a 114 σ.; |c 25 εκ. | ||
| 650 | 0 | 0 | |a Greek poetry, Modern |y 20th century. |
| 651 | 0 | |a Macedonia |x Poetry. | |
| 852 | |a INST |b RHODES |c AKA |e 20080828 |h 889.134 ΚΟΝ |p 005400027428 |q 005400027428 |t BK |y 0 | ||
| 901 | |a BIBL4-2008-2 | ||
| 909 | |a Ρ |b 152788 | ||
| 970 | |a ΧΑΡΙΟΠΟΛΙΤΟΥ |b ΚΩΝΣΤΑΝΤΙΝΑ |z 2008/08/28 | ||